| 000 | nam a22 7a 4500 | ||
|---|---|---|---|
| 999 |
_c232637 _d232637 |
||
| 003 | Nust | ||
| 005 | 20170221163239.0 | ||
| 008 | 170221b xxu||||| |||| 00| 0 eng d | ||
| 020 | _a1-903068-77-0 | ||
| 040 | _cASAB | ||
| 082 | _a613 | ||
| 245 |
_athe essentials of GCSE physical education _cedited by peter urwin |
||
| 246 | _athe essentials of gcse physical education | ||
| 300 | _a86 p. | ||
| 942 |
_2ddc _cBK |
||